<?xml version="1.0" encoding="UTF-8"?>
<marc:record xmlns:marc="http://www.loc.gov/MARC21/slim">
   <marc:leader>00000nam a2200000 a 4500</marc:leader>
   <marc:datafield ind1="1" ind2=" " tag="100">
      <marc:subfield code="a">Mihailidis, Ieroklis</marc:subfield>
   </marc:datafield>
   <marc:datafield ind1="1" ind2=" " tag="100">
      <marc:subfield code="a">Corraface, Georges</marc:subfield>
   </marc:datafield>
   <marc:datafield ind1="1" ind2=" " tag="100">
      <marc:subfield code="a">Mavropsaridis, Yorgos</marc:subfield>
   </marc:datafield>
   <marc:datafield ind1="1" ind2=" " tag="100">
      <marc:subfield code="a">Zervoulakos, Takis</marc:subfield>
   </marc:datafield>
   <marc:datafield ind1="1" ind2=" " tag="100">
      <marc:subfield code="a">Boulmetis, Tassos</marc:subfield>
   </marc:datafield>
   <marc:datafield ind1="0" ind2="0" tag="245">
      <marc:subfield code="a">Zimt &amp; Koriander</marc:subfield>
   </marc:datafield>
   <marc:datafield ind1=" " ind2="1" tag="264">
      <marc:subfield code="b">DVD Video</marc:subfield>
      <marc:subfield code="c">2005</marc:subfield>
   </marc:datafield>
   <marc:datafield ind1="1" ind2=" " tag="520">
      <marc:subfield code="a">35 Jahre nachdem seine griechisch-stämmige Familie aus der Türkei fliehen musste, reist der Grieche Fanis ans Sterbebett seines türkischen Opas ins Nachbarland. Dort überkommen ihn Erinnerungen an glücklichere Tage, die kulinarischen Freuden der Kindheit und die kleine Saime, mit der er wunderbare Nachmittage auf dem großväterlichen Dachboden verbrachte. Derart aufgerüttelt und aus seinem Phlegma erwacht, beginnt sich Hobbykoch Fanis zu fragen, ob nicht auch in seinem Leben eine gewisse Würze fehlt.</marc:subfield>
   </marc:datafield>
   <marc:datafield ind1=" " ind2=" " tag="020">
      <marc:subfield code="a">4042564014211</marc:subfield>
      <marc:subfield code="9">4042564014211</marc:subfield>
   </marc:datafield>
   <marc:datafield ind1="0" ind2=" " tag="490">
      <marc:subfield code="v">0</marc:subfield>
   </marc:datafield>
   <marc:datafield ind1=" " ind2=" " tag="300">
      <marc:subfield code="a">102 Min.</marc:subfield>
   </marc:datafield>
</marc:record>
